00376nam a2200145Ia 4500008004100000020001500041041001200056082001600068100001500084245005600099260003500155300000800190650001500198700001700213221030s9999 xx 000 0 und d a8171418740 aEnglish a105.23bJoh aS. M. John 0aEmerging Entrepreneurscby S. M. John, R. Jeyabalan bDiscovery PubaNew Delhic2004 a165 aManagement aR. Jeyabalan